00640nam a2200181Ia 4500008004100000041000800041082001500049100001800064245004200082260002700124300002500151365001700176500000900193700001800202906003200220999001900252952018700271230718s9999 xx 000 0 und d aeng a006.4bSON aSonka9146414 aImage Processing Analysis And Machine c1993bChapman And Hall a555dRef 52 C (3840) cRs.b1140.00 a52 C aSonka9146414 dB:29205-Aug-1994cCOMPb171 c292735d292735 00102ddc3Ref 52 C (3840)4073aCCEPbCCEPd1994-09-26eInternational Bok TradersfCOMPg969.00i292o006.4pCCEP-BK-3840r2023-07-18 00:00:00t171v1140.00w1994-08-05yBKz003840